Digitazioni di Parole - "Arciconfraternita" - Statistics

Statistiche generali
  • Questo quiz è stato fatto 35 volte
  • Il punteggio medio è 16 su 17
Statistiche sulle risposte
Lettera % Corretto
A
100%
C
97%
C
97%
I
97%
O
97%
R
97%
A
90%
E
90%
F
90%
N
90%
R
90%
T
90%
A
87%
I
87%
N
87%
R
87%
T
87%
Nessun quiz corrispondente trovato
Distribuzione punteggi
Percentuale di utenti per punteggio
Percentile per numero di risposta
I tuoi punteggi nel tempo
Non hai fatto questo quiz